Online Catalogue and eLibrary

Cinama viyaranaviyawaharaya (Record no. 1189)

MARC details
000 -LEADER
fixed length control field 00394nam a2200157Ia 4500
005 - DATE AND TIME OF LATEST TRANSACTION
control field 20250528021755.0
008 - FIXED-LENGTH DATA ELEMENTS--GENERAL INFORMATION
fixed length control field 240331s9999 xx 000 0 und d
020 ## - INTERNATIONAL STANDARD BOOK NUMBER
ISBN 9559632000
082 ## - DDC Classification
Class No. 302.234
Item Number - Author Mark DES
100 ## - MAIN ENTRY--PERSONAL NAME
Personal name De Silva,C
245 #0 - TITLE STATEMENT
Title Cinama viyaranaviyawaharaya
260 ## - PUBLICATION, DISTRIBUTION, ETC.
Place of publication, distribution, etc. Kattubetha
Name of publisher, distributor, etc. lekhana publishers
Date of publication, distribution, etc. 1997
300 ## - PHYSICAL DESCRIPTION
Extent (e.g. Volumes, Pages etc.) 138 p .,
650 ## - SUBJECT ADDED ENTRY--TOPICAL TERM
Topical term or geographic name entry element Cinematic etiquette
942 ## - Koha item type (Biblio)
Koha item type Books in Stacks (Lending)
Holdings
Lost status Damaged status Collection code Home library Current library Shelving location Date acquired Full call number Accession Number Item type
    Lending WERC Library WERC Library Social Science Cupboard 03/31/2024 302.234 DES 2649 Books in Stacks (Lending)

© WERC Library